Mystery Taylor Swift Song #107 - Statistics

General Stats
  • This quiz has been taken 257 times
  • The average score is 70 of 129
Answer Stats
Song % Correct
a
93%
Red
91%
I
90%
We
86%
the
84%
to
84%
you
84%
me
82%
and
81%
it
80%
on
80%
in
79%
all
77%
be
77%
ever
77%
your
77%
is
76%
love
76%
my
76%
when
76%
who
76%
do
75%
He
73%
I'm
73%
it's
72%
But
71%
like
71%
that
71%
know
69%
As
68%
cause
68%
did
67%
don't
67%
this
67%
never
66%
said
65%
for
63%
I've
63%
why
62%
didn't
61%
how
61%
again
60%
been
60%
begin
59%
think
59%
had
58%
every
57%
get
57%
time
57%
back
56%
does
55%
last
55%
Taylor
55%
Begin Again
54%
café
54%
off
54%
one
54%
watched
54%
him
53%
Wednesday
53%
funny
51%
head
51%
up
51%
you'd
51%
always
50%
little
50%
Thinking
50%
walk
50%
want
50%
break
49%
end
49%
kid
49%
many
49%
single
49%
about
47%
down
47%
got
47%
here
47%
high
47%
laughing
47%
met
47%
wore
47%
almost
46%
burn
46%
first
46%
girl
46%
heels
46%
James
46%
months
46%
records
46%
strange
46%
What's
46%
nice
45%
out
45%
song
45%
throw
45%
eight
44%
spending
44%
talk
42%
Walked
42%
coming
40%
Took
40%
past
39%
late
38%
put
38%
shy
38%
Christmas
37%
early
37%
family
37%
mirror
37%
car
36%
chair
36%
pull
36%
headphones
35%
movies
35%
watches
35%
breath
34%
deep
34%
expecting
34%
stand
34%
tell
34%
brought
33%
start
33%
block
30%
help
29%
wave
28%
Turn
26%
lock
22%
stories
21%
No matching quizzes found
Score Distribution
Percent of People with Each Score
Percentile by Number Answered
Your Score History
You have not taken this quiz